Vzostup filantrokapitalistov

Pojem filantrokapitalizmus. Investovať, nie darovať, peniaze tak, aby boli užitočné pre spoločnosť a zároveň aby zarábali. Rozhodnutie Marka Zuckerberga zakladateľa Facebooku. Filantropia Billa Gatesa. Andrej Kiska - priekopník filantrokapitalizmu na Slovensku. Snaha zmeniť spoločnosť k lepšiemu. Vz...

Ausführliche Beschreibung

Gespeichert in:
Bibliographische Detailangaben
1. Verfasser: Obradovič, Filip
Weitere Verfasser: Záborský, Ján
Format: Buchkapitel
Sprache:Slowakisch
Schlagworte:
Tags: Tag hinzufügen
Keine Tags, Fügen Sie das erste Tag hinzu!

MARC

LEADER 00000naa a2200000 4500
001 0210794
005 20231113104227.8
041 0 |a slo 
044 |a SK 
245 1 0 |a Vzostup filantrokapitalistov  |c Filip Obradovič, Ján Záborský 
520 |a Pojem filantrokapitalizmus. Investovať, nie darovať, peniaze tak, aby boli užitočné pre spoločnosť a zároveň aby zarábali. Rozhodnutie Marka Zuckerberga zakladateľa Facebooku. Filantropia Billa Gatesa. Andrej Kiska - priekopník filantrokapitalizmu na Slovensku. Snaha zmeniť spoločnosť k lepšiemu. Vzdelanie ako kľúč k úspechu. 
610 2 0 |a filantropia 
610 2 0 |a spoločnosť 
610 2 0 |a nadácie 
610 2 0 |a pomoc sociálna 
610 2 0 |a investície 
610 2 0 |a financie 
100 1 |a Obradovič, Filip 
700 1 |a Záborský, Ján